| 000 | 00442nam a2200181Ia 4500 | ||
|---|---|---|---|
| 001 | 1223 | ||
| 005 | 20260306140616.0 | ||
| 008 | 260306t2019||||xx |||||||||||||| ||spa|| | ||
| 041 | _aESP | ||
| 082 |
_a189.4 _bF52 |
||
| 100 |
_aFinnis, John _eAUT |
||
| 245 | 0 |
_aTomás de Aquino: _bteoría moral, política y jurídica |
|
| 260 | _c2019 | ||
| 300 |
_a492 páginas : _c23 cm. |
||
| 650 | _aGEN | ||
| 654 | _aCHU | ||
| 942 |
_cLIB _dJUS _fJUS _2ddc _n |
||
| 999 |
_c1223 _d1223 |
||